00528nam a22001697a 450000500170000001000150001702000260003203500130005803700130007110000200008424500950010426000370019927000540023630000250029050000400031570000030035520130117154454.0 aENG-106630 a9788171326594c750.00 aEN-90163 bDBAD/PUB aSaini, Ashok K. aPerspectives on Indian booker prize winners :cby Ashok K. Sainibreadings & reflections / aJaipurbPointer Publishersc2011 a807, Vyas Building, Chaura Rasta bJaipure302003 axi, 210p.c20cm (Hb) aIncludes bibliographical references